DACIE & LEWIS PRACTICAL HAEMATOLOGY (Record no. 18511)
[ view plain ]
| 000 -LEADER | |
|---|---|
| fixed length control field | 00343nam a22001577a 4500 |
| 003 - CONTROL NUMBER IDENTIFIER | |
| control field | SGT |
| 082 ## - DEWEY DECIMAL CLASSIFICATION NUMBER | |
| Classification number | 616.07 |
| Item number | D12B |
| 100 ## - MAIN ENTRY--PERSONAL NAME | |
| Personal name | BAIN,BARBARA J. |
| 245 ## - TITLE STATEMENT | |
| Title | DACIE & LEWIS PRACTICAL HAEMATOLOGY |
| 250 ## - EDITION STATEMENT | |
| Edition statement | 11TH |
| 260 ## - PUBLICATION, DISTRIBUTION, ETC. (IMPRINT) | |
| Place of publication, distribution, etc | U.K |
| Name of publisher, distributor, etc | CHURCHILL |
| Year of Publication | 2012 |
| 300 ## - PAGE DESCRIPTION | |
| No. of Pages | 653 |
| 650 ## - SUBJECT ADDED ENTRY--TOPICAL TERM | |
| Topical term or geographic name as entry element | HOMOEOPATHIC |
| 653 ## - KEYWORDS--INDEX TERM | |
| Keyword term | PRACTICAL |
| 942 ## - ADDED ENTRY ELEMENTS (KOHA) | |
| Source of classification or shelving scheme | Dewey Decimal Classification |
| Koha item type | Books |
| Withdrawn status | Lost status | Source of classification or shelving scheme | Damaged status | Not for loan | Home library | Current library | Shelving location | Date acquired | Vendor Name | Cost, normal purchase price | SGTU | Bill Number | Total Checkouts | Full call number | Accession No. (Barcode) | Date last seen | Bill Date | Koha item type |
|---|---|---|---|---|---|---|---|---|---|---|---|---|---|---|---|---|---|---|
| Dewey Decimal Classification | Homeopathy Library | Homeopathy Library | Reference Book | 19/07/2019 | ABC. PUB | 0.00 | SGTU | 7136 | 616.07 D12B | FH641 | 19/07/2019 | 09/08/2016 | Books | |||||
| Dewey Decimal Classification | Homeopathy Library | Homeopathy Library | Reference Book | 19/07/2019 | ABC. PUB | 0.00 | SGTU | 7136 | 616.07 D12B | FH642 | 19/07/2019 | 09/08/2016 | Books |